000 00510nam a2200169Ia 4500
008 230917s9999||||xx |||||||||||||| ||und||
020 _cRS 395.00
040 _e5006683
_aMAIN
041 _aEnglish
082 _a954.01 C395H
100 _aChaurasia, Radhey Shyam
245 0 _aHistory of ancient India: Earliest times to 1200 A.D.
260 _aNew Delhi
_bAtlanitc Publishers and Distributors
_c2014
300 _axi, 308 p.
500 _a4854 22/12/2022 APD21/1128047 06/10/2021 Main Budget
942 _cBK
999 _c7544
_d7544